Statistiques concernant Winx Club - Les antagonistes

Cliquez ici pour prendre le quiz!

Statistiques générales

  • Ce quiz a été pris 291 fois
  • Le résultat moyen est 8 sur 14

Statistiques - réponses

% Correct
Icy
98%
Darcy
97%
Stormy
97%
Valtor
93%
Lord Darkar
68%
Tritannus
60%
Ogron
55%
Gantlos
45%
Anagan
43%
Duman
43%
Kalshara
34%
Selina
33%
Brafilius
30%
Achéron
24%

Distribution des résultats

Percentile par nombre de réponses

% des personnes avec chaque résultat

Votre développement - résultats

Vous n’avez pas pris ce quiz